LEADER 01425nam2-2200409li-450 001 990000218880203316 005 20180312154645.0 010 $a3-540-13887-0 035 $a0021888 035 $aUSA010021888 035 $a(ALEPH)000021888USA01 035 $a0021888 100 $a20001109d1984----km-y0itay0103----ba 101 0 $aeng 102 $aGW 200 1 $aForward electron ejection in ion collisions$eproceedings of a symposium held atthe Physics Institute, University of Aarhus, Aarhus, Denmark, June 29-30, 1984$fedited by K. O. Groeneveld, W. Meckbach and I. A. Sellin 210 $aBerlin [etc.]$cSpringer-Verlag$dcopyr. 1984 215 $aVII, 165 p.$cill.$d23 cm 225 2 $aLecture notes in physics$v213 410 0$10010021736$12001$aLecture notes in physics 610 1 $acollisione (fisica nucleare)$acongressi$a1984 610 1 $acongressi$aaarhus$a1984 676 $a539757$9. 702 1$aGroeneveld,$bKarl Ontjes 702 1$aMeckbach,$bW. 702 1$aSellin,$bA. 801 $aSistema bibliotecario di Ateneo dell' Università di Salerno$gRICA 912 $a990000218880203316 951 $a530 LNP (213)$b0012152 959 $aBK 969 $aSCI 979 $c19901203 979 $c20001110$lUSA01$h1714 979 $c20020403$lUSA01$h1630 979 $aPATRY$b90$c20040406$lUSA01$h1616 996 $aForward electron ejection in ion collisions$91489428 997 $aUNISA